Middle East politics and international relations : (Record no. 27266)
[ view plain ]
| 000 -LEADER | |
|---|---|
| fixed length control field | 02679cam a22003015a 4500 |
| 005 - DATE AND TIME OF LATEST TRANSACTION | |
| control field | 20190321103851.0 |
| 008 - FIXED-LENGTH DATA ELEMENTS--GENERAL INFORMATION | |
| fixed length control field | 180209s2018 enkb frb 001 0 eng d |
| 020 ## - INTERNATIONAL STANDARD BOOK NUMBER | |
| International Standard Book Number | 9781138056275 |
| 040 ## - CATALOGING SOURCE | |
| Original cataloging agency | DGU/DLC |
| Language of cataloging | eng |
| Transcribing agency | DGU |
| Modifying agency | DLC |
| -- | EG-ScBUE |
| 043 ## - GEOGRAPHIC AREA CODE | |
| Geographic area code | aw----- |
| 082 04 - DEWEY DECIMAL CLASSIFICATION NUMBER | |
| Classification number | 327.56 |
| Item number | AKB |
| Edition number | 22 |
| 100 1# - MAIN ENTRY--PERSONAL NAME | |
| Personal name | Akbarzadeh, Shahram. |
| 245 10 - TITLE STATEMENT | |
| Title | Middle East politics and international relations : |
| Remainder of title | crisis zone / |
| Statement of responsibility, etc | Shahram Akbarzadeh, Kylie Baxter. |
| 250 ## - EDITION STATEMENT | |
| Edition statement | 1st. ed. |
| 260 ## - PUBLICATION, DISTRIBUTION, ETC. (IMPRINT) | |
| Place of publication, distribution, etc | Abingdon ; |
| -- | New York : |
| Name of publisher, distributor, etc | Routledge / Taylor & Francis, |
| Date of publication, distribution, etc | 2018. |
| 300 ## - PHYSICAL DESCRIPTION | |
| Extent | x, 238 p. : |
| Other physical details | ill. (maps) ; |
| Dimensions | 24 cm. |
| 504 ## - BIBLIOGRAPHY, ETC. NOTE | |
| Bibliography, etc | Includes bibliographical references (pages 222-231) and index. |
| 505 ## - FORMATTED CONTENTS NOTE | |
| Formatted contents note | Introduction : the colonial background -- The formation of the state of Israel -- The Arab-Israeli wars -- Palestinian politics : the failure of the peace process -- Ideologies and supra state identities -- The Iranian revolution and pan-shi'ism -- Playground for the superpowers -- The US-led "war on terror" -- The Arab uprisings -- The Syrian war and the rise of the "Islamic state" -- Iran coming out of isolation. |
| 520 ## - SUMMARY, ETC. | |
| Summary, etc | The Middle East has been defined by political crises for the last 100 years. In the political halls of power, the media, popular culture and the educational institutions of Western countries, the term the 'Middle East' conjures a confused imagery of religion, resources, foreign interference and politics that can be hard to untangle. This book provides a detailed contextualized exploration of the forces, internal and external, that have shaped today's Middle East. Each chapter acts as a stand-alone reading that includes history, context and contemporary implications in a chronological order. Topics explored include: - Imperialism in the Middle East - The formation of the state of Israel - The Arab-Israeli Wars - Palestinian Politics and the failure of the 'peace process' - The Iranian Revolution and pan-Shi'ism - Superpowers in the Middle East - The US-led 'War on Terror' - The Arab Uprisings - The Syrian War and the rise of the 'Islamic State' - US-Iran relations By rethinking the history of the region through the lens of recent developments, this book will be a core reference tool for students of Middle Eastern Politics and International Relations. |
| 650 ## - SUBJECT ADDED ENTRY--TOPICAL TERM | |
| Source of heading or term | BUEsh |
| 651 #7 - SUBJECT ADDED ENTRY--GEOGRAPHIC NAME | |
| Geographic name | Middle East |
| General subdivision | Politics and government |
| Chronological subdivision | 20th century. |
| Source of heading or term | BUEsh |
| 651 #7 - SUBJECT ADDED ENTRY--GEOGRAPHIC NAME | |
| Geographic name | Middle East |
| General subdivision | Politics and government |
| Chronological subdivision | 21st century. |
| Source of heading or term | BUEsh |
| 651 #7 - SUBJECT ADDED ENTRY--GEOGRAPHIC NAME | |
| Geographic name | Middle East |
| General subdivision | Foreign relations |
| Chronological subdivision | 20th century. |
| Source of heading or term | BUEsh |
| 9 (RLIN) | 32074 |
| 651 #7 - SUBJECT ADDED ENTRY--GEOGRAPHIC NAME | |
| Geographic name | Middle East |
| General subdivision | Foreign relations |
| Chronological subdivision | 21st century. |
| Source of heading or term | BUEsh |
| 653 ## - INDEX TERM--UNCONTROLLED | |
| Resource For college | BAEPS, Political Science |
| Arrived date list | March2019 |
| 700 1# - ADDED ENTRY--PERSONAL NAME | |
| Personal name | Baxter, Kylie. |
| 942 ## - ADDED ENTRY ELEMENTS (KOHA) | |
| Source of classification or shelving scheme | Dewey Decimal Classification |
| Withdrawn status | Item status | Source of classification or shelving scheme | Damaged status | Not for loan | Vendor | Home library | Current library | Shelving location | Date acquired | Source of acquisition | Cost, normal purchase price | Serial Enumeration / chronology | Total Checkouts | Total Renewals | Full call number | Barcode | Date last seen | Date last borrowed | Cost, replacement price | Koha item type |
|---|---|---|---|---|---|---|---|---|---|---|---|---|---|---|---|---|---|---|---|---|
| Dewey Decimal Classification | Alahram | Central Library | Central Library | First floor | 20/03/2019 | Purchase | 635.00 | 526 | 1 | 3 | 327.56 AKB | 000043267 | 15/07/2025 | 16/12/2019 | 793.75 | Book - Borrowing |